000 01058nam a2200241Ia 4500
003 OSt
005 20211124160035.0
008 210310s1998 ck gr 000 0 spa d
020 _a9588025125
040 _aCO-JMCR
_cCO-JMCR
041 0 _aspa
082 0 4 _a336.34 /
_bD419m1
_223
110 2 _aDepartamento Nacional de Planeación
_eautor
_91612
245 1 0 _aManual de tramites de crédito publico interno y externo /
_bDepartamento Nacional de Planeación
260 _aBogotá :
_bDepartamento Nacional de Planeación,
_c1998.
300 _a55 páginas :
_bilustraciones y gráficas en blanco y negro ;
_c26 cm.
501 _aCon: notas a pie de página.
505 0 _aEl créditos externos. -- El crédito interno. -- La presentación del proyecto. -- Tramites para gestionar un crédito. -- El concepto de DNP. -- Metodología para el análisis financiero.
650 1 4 _aCrédito público
_xManual
_941674
650 2 4 _aTramites de crédito público
_xManual
_941675
650 2 4 _aMetodología
_xAnálisis financiero
_941676
942 _2ddc
_cBK
999 _c15634
_d15634